00430nam a22001457a 4500020001800000082001700018100001800035245005200053260003600105300000700141650001900148942000700167952009300174999001700267 a9788189524326 a303.372bFRA aFraser, Nancy aSocial Justice in the age of Identity Political aNew DelhibCritical Questc2008 a48 aSocial Justice cBK 00104070aHMIbHMIcGENd2018-06-20l0o303.372 FRAp22865r2018-06-20w2018-06-20yBK c21137d21137